000 00618nam a2200241Ia 4500
003 OSt
005 20220916111117.0
006 a|||||r|||| 00| 0
007 ta
008 220915b |||||||| |||| 00| 0 eng d
024 _a252046
037 _cTextbook
040 _beng
_aARTS
_cARTS
041 _aeng
082 _aV55L:24:N7, L2
100 _aRoberts Geoffrey K.
245 0 _aWest German politics
260 _aLondon
_bThe MacMillian Press Ltd
300 _aix,68p
_ccm.
650 _aHISTORY
942 _hV55L:24:N7, L2
_cTB
_2CC
999 _c105715
_d105715